Normal view
MARC view
- Stress (Psychology)
Entry Topical Term
001 - CONTROL NUMBER
- control field: 4415
003 - CONTROL NUMBER IDENTIFIER
- control field: NUST
005 - DATE AND TIME OF LATEST TRANSACTION
- control field: 20170829112004.0
008 - FIXED-LENGTH DATA ELEMENTS
- fixed length control field: 170829|| aca||aabn | a|a d
040 ## - CATALOGING SOURCE
- Original cataloging agency: NUST
- Transcribing agency: NUST
150 ## - HEADING--TOPICAL TERM
- Topical term or geographic name entry element: Stress (Psychology)
- General subdivision: Prevention.
670 ## - SOURCE DATA FOUND
- Source citation: Work cat.: (NUST)0: Atkinson, William, 1951- 4414, Eliminate stress from your life forever :, c2004.
